| 000 | 00871nam a2200217Ia 4500 | ||
|---|---|---|---|
| 999 |
_c40344 _d40344 |
||
| 001 | 6952 | ||
| 003 | GE_BSU | ||
| 005 | 20191024160115.0 | ||
| 008 | 181216s2012||||g |||||||||||||| ||ge || | ||
| 040 | _cGE_BSU | ||
| 041 | _ageo | ||
| 080 | _a811.353.1+376.2 მ-41 | ||
| 100 |
_aმახარობლიძე, თამარ _94999 |
||
| 245 |
_aქართული ჟესტური ენა : _bსახელმძღვ. / _cთამარ მახარობლიძე ; რედ. მ. ჯიქია. |
||
| 264 |
_aთბილისი : _bპეტიტი : _c2012. |
||
| 300 |
_a614 გვ. : _bილ. ; _c25 სმ. |
||
| 653 | _aქართული ჟესტური ენა | ||
| 653 | _aსახელმძღვანელო | ||
| 700 |
_aჯიქია, მ. _eრედაქტორი _95000 |
||
| 942 |
_cBK _2udc |
||